<?xml version="1.0" encoding="UTF-8"?>
<record
    xmlns:xsi="http://www.w3.org/2001/XMLSchema-instance"
    xsi:schemaLocation="http://www.loc.gov/MARC21/slim http://www.loc.gov/standards/marcxml/schema/MARC21slim.xsd"
    xmlns="http://www.loc.gov/MARC21/slim">

  <leader>01780nam a2200301Ia 4500</leader>
  <controlfield tag="001">15330</controlfield>
  <controlfield tag="003">IT-RoPAU</controlfield>
  <controlfield tag="008">130308s9999    xx            000 0 und d</controlfield>
  <datafield tag="040" ind1=" " ind2=" ">
    <subfield code="a">IT-RoPAU</subfield>
  </datafield>
  <datafield tag="040" ind1=" " ind2=" ">
    <subfield code="c">IT-RoPAU</subfield>
  </datafield>
  <datafield tag="041" ind1=" " ind2=" ">
    <subfield code="a">ITALIANO</subfield>
  </datafield>
  <datafield tag="100" ind1=" " ind2=" ">
    <subfield code="a">Pandolfi Vito</subfield>
  </datafield>
  <datafield tag="100" ind1=" " ind2=" ">
    <subfield code="g">Codice Aut. SPICS:  2921</subfield>
  </datafield>
  <datafield tag="245" ind1=" " ind2=" ">
    <subfield code="a">Storia universale del teatro drammatico (2 volumi)</subfield>
  </datafield>
  <datafield tag="245" ind1=" " ind2=" ">
    <subfield code="b">Storia Universale del Teatro Drammatico (2 Volumi)</subfield>
  </datafield>
  <datafield tag="250" ind1=" " ind2=" ">
    <subfield code="a">1a ed.</subfield>
  </datafield>
  <datafield tag="260" ind1=" " ind2=" ">
    <subfield code="a">TORINO</subfield>
  </datafield>
  <datafield tag="260" ind1=" " ind2=" ">
    <subfield code="b">UTET</subfield>
  </datafield>
  <datafield tag="260" ind1=" " ind2=" ">
    <subfield code="c">1964 [1&#xB0; Ed.:1964 - Ed.Ling.Originale:1964]</subfield>
  </datafield>
  <datafield tag="300" ind1=" " ind2=" ">
    <subfield code="a">"1626 p. (prefazione: 8; testo: 1618)"</subfield>
  </datafield>
  <datafield tag="500" ind1=" " ind2=" ">
    <subfield code="a">Origini Dello Spettacolo dal Mito al dramma Autori Tragici e comici forme Classiche Epigoni Latini Romanzo Drammatico Indiano reinvenzione della commedia Latino dei Goliardi e degli Umanisti Sviluppi in volgare e in Dialettoidillio e parodia del Personaggio Popolare commedia dell'arte  manifestazioni Dello Spirito Religioso dal dramma Liturgico Alle rappresentazioni Edificanti Sacralit&#xE0; del No giapponese Tragedia di Stampo classico in Italia Nuova Moralit&#xE0; Teatrale da Moliere Alla Rivoluzione Francese rinnovamento con Lessing Goldoni Gozzi Kabuki giapponese scena inglese Marlowe Shakespearedrammi storici della Latinit&#xE0; commedie e umorismo Tragedia e Leggenda Movimento romantico Nuova Scienza Dello Spettacolo Teatrale Grande Attore Italiano cronache  della scena moderna Nei secoli XIX e Xx Spirito del Vaudeville Indagine Sociale commedia Umana di Napoli Luigi Pirandello Eugene 0'Neill e Il dramma Statunitense Mito e Simbolismo Avanguardia vicende Storiche del dramma dopoguerra Italiano</subfield>
  </datafield>
  <datafield tag="650" ind1=" " ind2=" ">
    <subfield code="a">STORIA DEL TEATRO</subfield>
  </datafield>
  <datafield tag="650" ind1=" " ind2=" ">
    <subfield code="e">Codice materia Spics: 8408</subfield>
  </datafield>
  <datafield tag="942" ind1=" " ind2=" ">
    <subfield code="c">BK</subfield>
  </datafield>
  <datafield tag="957" ind1=" " ind2=" ">
    <subfield code="7">1</subfield>
  </datafield>
  <datafield tag="999" ind1=" " ind2=" ">
    <subfield code="c">76485</subfield>
    <subfield code="d">76485</subfield>
  </datafield>
  <datafield tag="999" ind1=" " ind2=" ">
    <subfield code="b">SI</subfield>
  </datafield>
  <datafield tag="999" ind1=" " ind2=" ">
    <subfield code="g">1</subfield>
  </datafield>
  <datafield tag="952" ind1=" " ind2=" ">
    <subfield code="0">0</subfield>
    <subfield code="1">0</subfield>
    <subfield code="4">0</subfield>
    <subfield code="6">15330_000000000000000</subfield>
    <subfield code="7">1</subfield>
    <subfield code="a">SPICS</subfield>
    <subfield code="b">SPICS</subfield>
    <subfield code="d">2013-03-08</subfield>
    <subfield code="l">0</subfield>
    <subfield code="o">15330</subfield>
    <subfield code="r">2013-03-08 00:00:00</subfield>
    <subfield code="w">2013-03-08</subfield>
    <subfield code="y">BK</subfield>
    <subfield code="z">Progressivo inserimento:  55372 /  N. Volumi: 2 Copie: 1 Copia Rara: SI / data import: 1 marzo 2013 - By Epidotti, Trombetti, Vaglietti. </subfield>
  </datafield>
</record>
